| 000 | 00763nam a22002655a 4500 | ||
|---|---|---|---|
| 999 |
_c9658 _d9658 |
||
| 003 | EG-ScBUE | ||
| 005 | 20200108094519.0 | ||
| 008 | 101010s1999 stk f d 000 0 eng d | ||
| 020 | _a1855346680 | ||
| 020 | _a9781855346680 | ||
| 040 |
_aEG-ScBUE _beng _erda _cEG-ScBUE _dEG-ScBUE |
||
| 082 | 0 | 4 |
_a803 _bDIC _222 |
| 245 | 0 | 0 | _aDictionary of literature. |
| 264 | 1 |
_aNew Lanark, Scotland : _bGeddes and Grosset, _c1999. |
|
| 300 |
_a240 pages ; _c15 cm. |
||
| 336 |
_2rdacontent _atext _btxt |
||
| 337 |
_2rdamedia _aunmediated _bn |
||
| 338 |
_2rdacarrier _avolume _bnc |
||
| 490 | 0 | _aArts portfolio | |
| 590 | _areham | ||
| 650 | 7 |
_aLiterature _vDictionaries. _2BUEsh _920218 |
|
| 653 |
_cAugust2015 _bHHUUEENN |
||
| 655 | _vReading book | ||
| 942 |
_cNB _k803 _2ddc |
||